000 02234nam a2200301 i 4500
003 OSt
005 20260427125623.0
008 260423t20252024nyu erb 000 f eng d
020 _a9781538756669
_cRM 148.50
_qpaperback
040 _aPPAK
_beng
_cPPAK
_erda
082 0 4 _223
_a813.6
090 0 0 _a813.6
_bZEN
_dG
100 1 _aZentner, Jeff,
_eauthor.
245 1 0 _aCOLTON GENTRY'S Third Act :
_bA NOVEL /
_cJEFF ZENTNER
246 3 0 _aColton Gentry's third act :
_ba novel
250 _aFirst edition.
264 1 _aNew York :
_bGrand Central Publishing,
_c2025
264 4 _c©2024
300 _a389 pages ;
_c20 cm
336 _atext
_2rdacontent
337 _aunmediated
_2rdamedia
338 _avolume
_2rdacarrier
520 _a"Colton Gentry is riding high. His first hit in nearly a decade has caught fire, he's opening for country megastar Brant Lucas, and he's married to one of the hottest acts in the country. But he's hurting. Only a few weeks earlier, his best friend Duane was murdered onstage by a mass shooter at a country music festival. One night, with his trauma festering and Jim Beam flowing through his veins, Colton stands before a sold-out arena crowd of country music fans and offers his unfiltered opinion on guns. It goes over poorly. Immediately, his career and marriage implode. Left with few choices or funds, he leaves rehab and retreats to his rural Kentucky hometown to move back in with his mom. He's resigned himself to has-been-dom until a chance encounter at his town's new farm-to-table restaurant gives him a second shot at life: a job working in the kitchen with Luann, his first love, who has undergone her own reinvention. Told through perspectives alternating between his senior year of high school, his time coming up with Duane as hungry musicians in Nashville, and the present, COLTON GENTRY'S THIRD ACT is a story of coming home, undoingpast heartbreaks, navigating grief, and a reminder that there are next acts in life, no matter how remote they may seem"--
_cProvided bypublisher
650 1 0 _aBest friends
_xDeath
_vFiction
650 2 0 _aCountry musicians
_zTennessee
_zNashville
_vFiction
650 2 0 _aFirst loves
_vFiction
942 _2ddc
_cB
999 _c203985
_d203985